000 00571nam a2200181Ia 4500
003 OSt
005 20260131095340.0
008 210210b1932 xxu||||| |||| 00| 0 eng d
040 _cAL
041 _aKannada
082 _a853/191
100 _aNARASIMHA SHASTRI BELLAVE
_9161192
_dನರಸಿಂಹ ಶಾಸ್ತ್ರಿ ಬೆಳ್ಳಾವೆ
245 _aShri Krishna parijata:
_bಶ್ರೀಕೃಷ್ಣ ಪಾರಿಜಾತ
260 _aBengaluru
_bBellave Pustakalaya
_c1932
690 _aKannada Drama
_9161193
906 _a019462
942 _2ddc
_cBK
999 _c143581
_d143581